| 000 | 00946cam a22002411a 4500 | ||
|---|---|---|---|
| 001 | 3206 | ||
| 003 | BD-RjUL | ||
| 005 | 20211208233708.0 | ||
| 008 | 131218s1961 wiu 000 0 eng d | ||
| 035 | _a(BD-RjUL)3240 | ||
| 040 |
_aNUN _beng _cNUN _dNUN _dBD-RjUL |
||
| 041 | _aeng | ||
| 082 | 0 | 0 |
_a333.3095 _bLAN 1961 |
| 245 | 0 | 0 |
_aLand tenure, industrialization, and social stability : _cEd. by W.Froehlich. _bexperience and prospects in Asia / |
| 260 |
_aMilwaukee : _bMarquette U.P., _cc1961. |
||
| 300 |
_axv, 301 p. ; _c24 cm. |
||
| 500 | _aCollection of essays submitted to a conference jointly sponsored by the Institute for Asian Studies, the Graduate School, and the Department of Economics of Marquette University... held in September 1959. | ||
| 650 | 0 |
_aLand tenure _zAsia. _910142 |
|
| 651 | 0 |
_aAsia _xEconomic policy. _910143 |
|
| 700 | 1 |
_aFroehlich, Walter. _910144 |
|
| 942 |
_2ddc _cBK |
||
| 999 |
_c3206 _d3206 |
||